Harry Potter Passwords Quiz Stats

 Plays Quiz not verified by Sporcle

Challenge
Share
Tweet
Embed
Score 0/28 Timer 06:00
0 Plays Today
Book # Password % Correct
2Pure-blood
68.7%
7Open (in Parseltongue)
67.5%
4Sherbert Lemon
57.7%
4Cockroach Clusters
56.6%
4Pine Fresh
55.8%
1Caput Draconis
54.4%
7Albus
45.4%
4Fairy Lights
41.8%
3Dissendium
41.7%
7Dumbledore
40.3%
6Acid Pops
38.9%
5Mimbulus Mimbletonia
38.1%
7Mad-eye
35.9%
3Fortuna Major
33.4%
Book # Password % Correct
1Pig Snout
26.6%
4Fizzing Whizbees
24.4%
4Balderdash
24%
6Abstinence
23.8%
6Baubles
22.2%
2Wattlebird
21.8%
3Scurvy Cur
17.4%
3Oddsbodikins
15.9%
6Quid Agis
15.9%
3Flibbertigibbet
14.2%
6Tapeworm
12.4%
6Dilligrout
10.4%
4Banana Fritters
10.1%
4Toffee Eclairs
9%

You're not logged in!

Compare scores with friends on all Sporcle quizzes.
OR
Log In

You Might Also Like...

Show Comments

Extras

Top Quizzes Today


Score Distribution

Your Account Isn't Verified!

In order to create a playlist on Sporcle, you need to verify the email address you used during registration. Go to your Sporcle Settings to finish the process.

Report this User

Report this user for behavior that violates our Community Guidelines.

Details: